| 000 | 00927nam a22002657a 4500 | ||
|---|---|---|---|
| 999 |
_c22037 _d22037 |
||
| 003 | AR-CdUCM | ||
| 008 | 190425b ||||| |||| 00| 0 spa d | ||
| 040 |
_aMUNICIPALIDAD PROVINCIAL DEL CUSCO _cBIBLIOTECA MUNICIPAL DEL CUSCO |
||
| 082 | _aDiva/N°10/2001 | ||
| 245 | _aDIVA Technical report / | ||
| 246 | _aYanchalá la gente y la biodiversidad | ||
| 260 |
_aCusco : _bCentro Bartolomé de las Casas, _c2001. |
||
| 300 |
_a81 páginas. : _c30 cm. |
||
| 440 |
_aDiva. _nN°10, 2001 _947227 |
||
| 505 | _aContenido: El pueblo y su cultura. -- Tipos de vegetación naturales o seminaturales. -- Avifauna del área de Ayabaca. | ||
| 650 |
_aBiodiversidad _919327 |
||
| 650 |
_aAgricultura _9320 |
||
| 650 |
_aGanadería _9321 |
||
| 650 |
_aMedio ambiente _947219 |
||
| 700 |
_aAchútegui, Eduardo _947225 |
||
| 700 |
_aQuipuscoa, Víctor _947228 |
||
| 700 |
_aValencia, Niels _947229 |
||
| 942 |
_2ddc _cPP |
||
| 945 | _avhl | ||